Ako ošetriť ovocné stromy na zimu

Bibliographic Details
Main Author: Motešický, Viktor, 1892-1965 (Author)
Format: Article
Language:Slovak

MARC

LEADER 00000nab a2200000uu 4500
001 vtls010912164
003 SK-MaSNL
005 20260303215330.0
008 240322|1931 xo |||||||||||||||||slo|
015 |a SNBRB 
035 |a (urnnbn)urn:nbn:sk:snk:ar-a086pq 
035 |a (uuid)f78b6600-f320-4fbb-a29d-bb66a3591e0b 
035 |a urn:nbn:sk:snk-ab917b 
040 |a SNKBUCL  |b slo  |c SNKBUCL  |e AACR2 
041 0 |a slo 
044 |a xo  |c SK 
100 1 |a Motešický, Viktor,  |d 1892-1965  |4 aut  |9 73971 
245 1 0 |a Ako ošetriť ovocné stromy na zimu  |c Viktor Motešický 
773 0 |t Slovenské ovocinárstvo : odborný časopis pre povznesenie ovocinárstva, vinohradníctva a záhradníctva : orgán Slovenskej ovocinárskej spoločnosti a jej odbočiek  |g Roč. 8, č. 181 (1931), s. 188-189 
954 |a odborná, vedecká literatúra pôvodná (slovenská)  |2 lita 
958 |a EUIPO 
958 |a OND 
958 |a article10 
999 |c 2221039  |d 2222969